000 00486nam a2200181Ia 4500
005 20260429112219.0
008 260429s9999||||xx |||||||||||||| ||und||
020 _a9789392262678
041 _aEnglish
082 _a664
_bRAM
100 _aRamaswamy, Arindam
245 0 _aFood science and quality control /
_cArindam Ramaswamy
260 _aJaipur :
_bBook Enclave,
_c2023.
300 _aiii, 258 p.; hb
650 _a Quality control
650 _aFood technology
942 _cTB
999 _c52930
_d52930